Globalización y derecho
Uloženo v:
| Hlavní autoři: | , |
|---|---|
| Médium: | Kniha |
| Jazyk: | španělština |
| Vydáno: |
Madrid
Colex
2003
|
| Témata: | |
| Tagy: |
Přidat tag
Žádné tagy, Buďte první, kdo vytvoří štítek k tomuto záznamu!
|
MARC
| LEADER | 00000nam a2200000 a 4500 | ||
|---|---|---|---|
| 001 | UCL9423 | ||
| 003 | CL-VaPUC | ||
| 008 | 040806e20030000SP |||||||||||||||||spa|d | ||
| 020 | |a 847879767X | ||
| 082 | 0 | 4 | |a 341.754 |b CAL |2 21 |
| 100 | 0 | |a Calvo Caravaca, Alfonso Luis |e author |9 487253 | |
| 700 | 0 | |a Blanco-Morales Limones, Pilar |e author |9 487254 | |
| 245 | 1 | 0 | |a Globalización y derecho |
| 300 | |a 617 p | ||
| 942 | |c BK | ||
| 945 | |d 20040806 00:00:00 |a cmena | ||
| 260 | |a Madrid |b Colex |c 2003 | ||
| 650 | 0 | |a Derecho internacional privado |9 256361 | |
| 650 | 0 | |a Tratados internacionales |9 256056 | |
| 650 | 0 | |a Globalización |9 361930 | |
| 650 | 7 | |a LIBERTAD RELIGIOSA |2 CL-VaPUC |9 487255 | |
| 650 | 0 | |a Contratos |9 255153 | |
| 650 | 0 | |a Derechos humanos |9 223025 | |
| 650 | 0 | |a Protección de menores |9 334116 | |
| 650 | 7 | |a COMERCIO INTERNACIONAL |2 CL-VaPUC |9 487256 | |
| 583 | |a last modification |c 20040806 00:00:00 |k Rodrigo Vera | ||
| 999 | |c 310217 |d 310215 | ||
| 952 | |0 0 |1 0 |4 0 |6 341_754000000000000_CAL_2003 |7 0 |8 A |9 378475 |a BIBDER |b BIBDER |d 2019-11-21 |i 4045939 |o 341.754 CAL 2003 |p 4045939 |r 2023-01-25 |w 2019-11-21 |y BK |k DER | ||